DISCURSO ANTE LA JUNTA DE GOBERNADORES DE A.W. CLAUSEN PRESIDENTE DEL BANCO MUNDIAL Y DE LA CORPORACION FINANCIERA INTERNACIONAL /

Guardado en:
Detalles Bibliográficos
Autor corporativo: Banco Mundial
Formato: Libro
Temas:
Etiquetas: Agrega una etiqueta
Sin etiquetas, Sé el primero en etiquetar este registro!

MARC

LEADER 00000nam^a2200000^a^4500
001 000246055
005 20250521000000.0
009 20260310105525.345
035 |a 066988 
037 |a Acervo Xavier Clavigero 
082 |a 332. 1532  |b DIS 
245 1 0 |a DISCURSO ANTE LA JUNTA DE GOBERNADORES DE A.W. CLAUSEN PRESIDENTE DEL BANCO MUNDIAL Y DE LA CORPORACION FINANCIERA INTERNACIONAL /  |c BANCO MUNDIAL 
264 |a Washington, EUA :  |b Banco Mundial,  |c 1984 
300 |a 32 p. 
336 |a texto  |b txt  |2 rdacontenido 
337 |a sin mediación  |b n  |2 rdamedio 
338 |a volumen  |b nc  |2 rdasoporte 
610 |a Banco Mundial 
649 |a XX 
650 |a Oratoria 
710 |a Banco Mundial 
910 |a Fondo General 
920 |a Impresos - Libros 
930 |a Colección General 
905 |a 101 
901 |a 066988  |b IT1  |c ACC  |i 066988  |u 20250521 
902 |a https://opac.biblio.iteso.mx/vufind/Record/000246055